00333nam a2200133Ia 4500003000400000008004100004020002300045040000800068100001800076245004000094260004100134300001300175365001100188LDD181029s9999 xx 000 0 und d a8189239147c500.00 cLDD aNarang, Ashok 0aIndian rural problemscAshok Narang aNew DelhibMurari Lal and Sonsc2006 av, 290p. b500.00